01278nam a2200277 a 450000100100000000500170001000800410002702000150006804000250008308200170010810000490012524501830017426000850035730000210044249000150046350400540047865000470053265000280057965000420060771000650064983000240071404900090073895201150074795201210086299900170098300002508320260211085656.0110201s2001 mx a r 000 | spa d a9707020288 aDO-SdBNPbspacBNPHU a371.1bR934c1 aRuíz de la Peña, Adalberto Rangel95147114aLa configuración del discurso educativo en José Vasconcelos :buna propuesta educativa y un posible modelo de formación de maestros /cAdalberto Rangel Ruíz de la Peña. aMéxico, D. F. :bUniversidad Pedagógica Nacional,bFomento Editorial,c2001. a140 p. ;c22 cm.1 aTextosv26 aIncluye referencias bibliográficas : p. 135-140 4aFormación profesional de maestros917397 0aPersonal docente916852 0aSociología de la educación9514722 aDirección de Difusión y Extensión Universitaria951473 0aTextos ,v26914460 aBNGR 001050718MOaGRbGRcCTd2011-02-09iLF1l0o371.1 R934cp25083-10r2020-06-25w2020-06-25y1ZNo se presta 001054708MOaGRbGRcCTd2011-02-16iLF1l0o371.1 R934cp25083-20r2020-06-25w2020-06-25y4ZPréstamo en sala c24576d24576